| Tag |
First Indicator |
Second Indicator |
Subfields |
| LEADER |
00000cam a22000001a 4500 |
| 001 |
in00003003249 |
| 005 |
20190401194922.0 |
| 006 |
m o d |
| 007 |
cr un mmmapmmp |
| 008 |
061130s1897 dcu o f000 0 eng d |
| 035 |
|
|
|a cis2004028522
|
| 040 |
|
|
|a UMI
|c UMI
|d UtOrBLW
|
| 043 |
|
|
|a n-us---
|
| 099 |
|
|
|a ProQuest Serial Set Number 3571 H.doc.34
|
| 110 |
1 |
|
|a United States.
|b Congress.
|b House.
|b Committee on Appropriations.
|
| 245 |
1 |
0 |
|a Examining and testing work of contracting surveyors in the field. Letter from the Secretary of the Interior, transmitting, with approval a copy of a communication from the Commissioner of the General Land Office, requesting the authorization of the immediate use of an unexpended balance of appropriation for examining and testing the work of contracting surveyors in the field.
|
| 246 |
1 |
|
|a Appropriation for examining surveys of public lands
|
| 264 |
|
1 |
|a Washington :
|b [publisher not identified],
|c 1897.
|
| 300 |
|
|
|a 1 online resource.
|
| 336 |
|
|
|a text
|b txt
|2 rdacontent
|
| 337 |
|
|
|a computer
|b c
|2 rdamedia
|
| 338 |
|
|
|a online resource
|b cr
|2 rdacarrier
|
| 490 |
0 |
|
|a H.doc.34
|
| 500 |
|
|
|a Record is based on bibliographic data in ProQuest U.S. Serial Set Digital Collection (last viewed Nov. 2006). Reuse except for individual research requires license from ProQuest, LLC.
|
| 510 |
3 |
|
|a ProQuest U.S. Serial Set Digital Collection
|
| 500 |
|
|
|a Electronic resource.
|
| 650 |
|
0 |
|a Public lands.
|
| 650 |
|
0 |
|a Public works.
|
| 650 |
|
0 |
|a Topographical surveying.
|
| 655 |
|
7 |
|a Electronic books.
|2 local
|
| 710 |
2 |
|
|a ProQuest (Firm)
|
| 830 |
|
0 |
|a United States congressional serial set.
|
| 856 |
4 |
0 |
|u http://proxy.library.tamu.edu/login?url=http://congressional.proquest.com/congcomp/getdoc?SERIAL-SET-ID=3571+H.doc.34
|z Connect to the full text of this electronic book
|t 0
|
| 999 |
|
|
|a MARS
|
| 999 |
f |
f |
|s e32b71f2-0c55-3f2c-9fd0-c59d031af8fd
|i 1d0aa555-c097-3efa-8742-a88ce4d748bb
|t 0
|
| 952 |
f |
f |
|a Texas A&M University
|b College Station
|c Electronic Resources
|d Available Online
|t 0
|e ProQuest Serial Set Number 3571 H.doc.34
|h Other scheme
|
| 998 |
f |
f |
|a ProQuest Serial Set Number 3571 H.doc.34
|t 0
|l Available Online
|